| 000 | 00427nam a22001217a 4500 | ||
|---|---|---|---|
| 999 |
_c10138 _d10138 |
||
| 003 | OSt | ||
| 008 | 201218b ||||| |||| 00| 0 eng d | ||
| 245 | _aJournal of Information Technology and Engineering | ||
| 250 | _a2010(Jan-Jun Vol.1 No.1, Jul-Dec Vol.1 No.2) 2012(Jan-Jun Vol.3 No.1, Jul-Dec Vol.3 No.2) | ||
| 260 |
_aGurgaon, Haryana _bInternational Science Press |
||
| 650 | _aComputer Science Engineering | ||
| 942 |
_2ddc _cBV |
||